01055nam a2200229 a 450000100100000000500170001000800410002704000250006804100390009308200160013210000300014824000440017824501430022226000740036530000430043950400430048253401220052570000320064704900090067995201200068899900170080800002328720200930022120.0101201s1969 mx abc r 000 0 spa d aDO-SdBNPbspacBNPHU17aspaheng2Código de idiomas MARC annnnbM911c1 aMosher, Arthur T.,94795514aGetting agriculture moving.lEspañol.10aComo hacer avanzar la agricultura :blo esencial para su desarrollo y modernización /cArthur T. Mosher , truducción de José Marull. aMéxico :bUnión Tipográfica Editorial Hispano-Americana,c1969. a177 p. :bil., mapas, retrs. ;c24 cm. aIncluye notas al pie de las páginas. pTítulo original en inglés:tGetting agriculture moving.cNueva York : The agricultural development council, 1966.1 aMarull, José,etr.947956 aBNGR 001052708MOaGRbGRcCTd2010-12-01iLF1l0onnnn M911cp23287-10r2020-06-25w2020-06-25y2ZPréstamo interno c22784d22784